000 00544nam a2200181Ia 4500
005 20250508151251.0
008 008 250505s9999 xx 000 0 eng d
037 _aTextual
040 _aFEDL
_beng
_cFEDL
041 _aeng
_2eng
084 _a323.4, MYE
_qFEDL
100 _aMyers Henry Alonzo
_9614014
245 0 _aAre men equal?: An inquiry into the meaning of American democracy
260 _aNew York, USA
_bG. P. Putnam's Sons
_c1945
300 _aviii,188p
942 _cTEXL
_h323.4, MYE
999 _c1328755
_d1328755